100 Best Comic Book Characters - Statistics

General Stats
  • This quiz has been taken 47 times
  • The average score is 7 of 100
Answer Stats
Answer % Correct
Batman
92%
Hulk
53%
Wonder Woman
53%
Joker
47%
Thor
39%
Wolverine
39%
Captain America
36%
Magneto
28%
Black Panther
22%
Deadpool
19%
Hellboy
19%
Spawn
19%
Harley Quinn
17%
Silver Surfer
17%
Storm
17%
Catwoman
14%
The Punisher
14%
Blade
11%
Cable
11%
Ghost Rider (Johnny Blaze)
11%
Ghost Rider (Robbie Reyes)
11%
Jean Grey
11%
Poison Ivy
11%
Rogue
11%
Venom
11%
Darkseid
8%
Dr Doom
8%
Gambit
8%
Namor
8%
Homelander
6%
Marv
6%
Raven
6%
Swamp Thing
6%
Animal Man
3%
Billy Butcher
3%
Black Adam
3%
Doomsday
3%
Emma Frost
3%
Jesse Custer
3%
John Constantine
3%
Magik
3%
Starfire
3%
The Crow
3%
Zatanna
3%
Aspen Matthews
0%
Batman Who Laughs
0%
Battle Beast
0%
Ben Daimio
0%
Black Cat
0%
Bloodshot
0%
Britney Waters
0%
Cheetah
0%
Conan the Barbarian
0%
Deadshot
0%
Death of the Endless
0%
Deathstroke
0%
Dejah Thoris
0%
Dolphin
0%
Donna Troy
0%
Dream of the Endless
0%
Enchantress (Amora)
0%
Ghost (Dark Horse)
0%
Gorr the God Butcher
0%
Grace
0%
Grand Regent Thragg
0%
Gunslinger Spawn
0%
Hit Girl
0%
Jack Hawksmoor
0%
Jason Todd
0%
Kiani
0%
Knull the King In Black
0%
Lucifer Morningstar
0%
Luther Strode
0%
Madelyn Pryor (Goblin Queen)
0%
Mera
0%
Midnighter
0%
Miho
0%
Mr Freeze
0%
Negan (The Walking Dead)
0%
Negasonic Teenage Warhead
0%
Ozymandias
0%
Pantha
0%
Phoenix Force
0%
Pixie
0%
Power Girl
0%
Professor Pyg
0%
Red Sonja
0%
Saint of Killers
0%
Silver Sable
0%
Steel
0%
Superboy Prime
0%
Talia al Ghul
0%
Taskmaster
0%
The Darkness
0%
The Drowned (Bryce Wayne)
0%
The Will (Saga)
0%
Tigra
0%
Vampirella
0%
Witchblade (Sara Pezzini)
0%
Wolf Man
0%
No matching quizzes found
Score Distribution
Percent of People with Each Score
Percentile by Number Answered
Your Score History
You have not taken this quiz